Online
Catalog

Alfa y Omega / : (Record no. 24494)

MARC details
000 -CABECERA
campo de control de longitud fija 00653nam a2200193 a 4500
001 - NÚMERO DE CONTROL
campo de control 000025001
005 - FECHA Y HORA DE LA ÚLTIMA TRANSACCIÓN
campo de control 20200930023511.0
008 - DATOS DE LONGITUD FIJA--INFORMACIÓN GENERAL
campo de control de longitud fija 110208s1979 pr c r 000 0 spa d
040 ## - FUENTE DE LA CATALOGACIÓN
Centro catalogador/agencia de origen DO-SdBNP
Lengua de catalogación spa
Centro/agencia transcriptor BNPHU
082 ## - NÚMERO DE LA CLASIFICACIÓN DECIMAL DEWEY
Número de clasificación xxxx
Número de documento/Ítem O87a
100 1# - ENTRADA PRINCIPAL--NOMBRE DE PERSONA
Nombre de persona O´Neill Rosa, Ismael
Fechas asociadas al nombre 1931
9 (RLIN) 51309
245 10 - MENCIÓN DE TÍTULO
Título Alfa y Omega / :
Resto del título Ismael O´Neill Rosa ; prólogo Miguel Limardo.
250 ## - MENCIÓN DE EDICIÓN
Mención de edición 2a ed.
260 ## - PUBLICACIÓN, DISTRIBUCIÓN, ETC.
Lugar de publicación, distribución, etc. San Juan, Puerto Rico :
Nombre del editor, distribuidor, etc. Jay ce printing,
Fecha de publicación, distribución, etc. 1979.
300 ## - DESCRIPCIÓN FÍSICA
Extensión 207 p. :
Otras características físicas retrs. ;
Dimensiones 21 cm.
590 ## - NOTA LOCAL (RLIN)
Nota local Inventariado, 2019/ YL
500 ## - NOTA GENERAL
Nota general Incluye referencia biográfica del autor en la contracubierta.
700 1# - PUNTO DE ACCESO ADICIONAL--NOMBRE DE PERSONA
Nombre de persona Limardo, Miguel,
Término indicativo de función/relación pról.
9 (RLIN) 34120
Holdings
Estado de retiro Estado de pérdida Restricciones de uso No para préstamo Código de colección Localización permanente Ubicación/localización actual Ubicación en estantería Fecha de adquisición Número de inventario Total de préstamos Signatura topográfica completa Código de barras Fecha visto por última vez Precio válido a partir de Tipo de ítem Koha
        Monografías: Libros y Folletos General General En catalogación 08.02.2011 LF1   xxxx O87a 25001-10 25.06.2020 25.06.2020 Préstamo en sala

Powered by Koha